<?xml version="1.0" encoding="UTF-8"?><?xml-stylesheet type="text/xsl" href="static/style.xsl"?><OAI-PMH xmlns="http://www.openarchives.org/OAI/2.0/" xmlns:xsi="http://www.w3.org/2001/XMLSchema-instance" xsi:schemaLocation="http://www.openarchives.org/OAI/2.0/ http://www.openarchives.org/OAI/2.0/OAI-PMH.xsd"><responseDate>2026-04-13T07:19:40Z</responseDate><request verb="GetRecord" identifier="oai:www.recercat.cat:2072/434855" metadataPrefix="marc">https://recercat.cat/oai/request</request><GetRecord><record><header><identifier>oai:recercat.cat:2072/434855</identifier><datestamp>2026-03-25T04:57:24Z</datestamp><setSpec>com_2072_98</setSpec><setSpec>col_2072_378192</setSpec></header><metadata><record xmlns="http://www.loc.gov/MARC21/slim" xmlns:dcterms="http://purl.org/dc/terms/" xmlns:xsi="http://www.w3.org/2001/XMLSchema-instance" xmlns:doc="http://www.lyncode.com/xoai" xsi:schemaLocation="http://www.loc.gov/MARC21/slim http://www.loc.gov/standards/marcxml/schema/MARC21slim.xsd">
   <leader>00925njm 22002777a 4500</leader>
   <datafield ind2=" " ind1=" " tag="042">
      <subfield code="a">dc</subfield>
   </datafield>
   <datafield ind2=" " ind1=" " tag="720">
      <subfield code="a">Molina Jaime, Oscar Javier</subfield>
      <subfield code="e">author</subfield>
   </datafield>
   <datafield ind2=" " ind1=" " tag="720">
      <subfield code="a">Font, Vicenç</subfield>
      <subfield code="e">author</subfield>
   </datafield>
   <datafield ind2=" " ind1=" " tag="720">
      <subfield code="a">Pino-Fan, Luis R.</subfield>
      <subfield code="e">author</subfield>
   </datafield>
   <datafield ind2=" " ind1=" " tag="260">
      <subfield code="c">2019</subfield>
   </datafield>
   <datafield ind2=" " ind1=" " tag="520">
      <subfield code="a">Se describen procesos de argumentación con énfasis en los argumentos analógicos, surgidos cuando un grupo de estudiantes aborda un problema que puede ser resuelto tanto en la geometría plana como en la del espacio. Para ello, en el marco de una metodología cualitativa basada en la realidad del aula, se emplea el modelo de Toulmin para tipificar los argumentos producidos y se realiza un análisis ontosemiótico para describir la actividad matemática asociada. Los resultados permiten legitimar el uso de argumentos abductivos o analógicos en procesos de resolución de problemas (particularmente, de geometría del espacio) precisando la forma en que estos articulan y dinamizan diversos objetos (conceptos, procedimientos, proposiciones) presentes en el proceso. Además, permiten detallar las fases de una argumentación por analogía mediante las configuraciones de los dominios que involucra.</subfield>
   </datafield>
   <datafield ind2=" " ind1=" " tag="520">
      <subfield code="a">We describe the argumentation process, focusing on arguments by analogy, emerging when a group of students addresses a problem that can be solved in both 2D geometry and 3D geometry. To this end, within a qualitative-naturalist methodology called classroom-based research, the Toulmin Model was used to typify the arguments produced by students, and an ontosemiotic analysis was carried out to describe the mathematical activity associated. Outcomes legitimate the use of abductive or analogical arguments in problem-solving processes (particularly, in 3D geometry) specifying the way how they articulate and dynamize objects (concepts, procedures, propositions) present in that process. In addition, we explain the phases of the argumentation by analogy through the relationship between the domains involved in it.</subfield>
   </datafield>
   <datafield tag="653" ind2=" " ind1=" ">
      <subfield code="a">Tipos de argumentos</subfield>
   </datafield>
   <datafield tag="653" ind2=" " ind1=" ">
      <subfield code="a">Configuración ontosemiótica</subfield>
   </datafield>
   <datafield tag="653" ind2=" " ind1=" ">
      <subfield code="a">Geometría del espacio</subfield>
   </datafield>
   <datafield tag="653" ind2=" " ind1=" ">
      <subfield code="a">Type of arguments</subfield>
   </datafield>
   <datafield tag="653" ind2=" " ind1=" ">
      <subfield code="a">Ontosemiotic configuration</subfield>
   </datafield>
   <datafield tag="653" ind2=" " ind1=" ">
      <subfield code="a">Solid geometry</subfield>
   </datafield>
   <datafield ind2="0" ind1="0" tag="245">
      <subfield code="a">Estructura y dinámica de argumentos analógicos, abductivos y deductivos : un curso de geometría del espacio como contexto de reflexión</subfield>
   </datafield>
</record></metadata></record></GetRecord></OAI-PMH>